Maladies UFP 25-26 - Statistiques

Statistiques générales
  • Ce quiz a été pris 39 fois
    5 depuis la dernière actualisation
  • Le résultat moyen est 4 sur 28
Statistiques - réponses
Anomalie Pathologie % Correct
Absence de liquide amniotique Anamnios
67%
Volume de liquide amniotique >2 L, sur distention Hydroamnios
67%
Proliferation anarchique des villosites associee a une absence d’embryon Mole Hydatiforme complete / MHC
67%
Anomalie du cordon ombilicale, gene a l’accouchement Circulaire serre ou lache
33%
Lésions bénignes chez 10 a 15% des femmes en age de procréer Fibromes/ Myofibromes
33%
Mauvaise localisation de l’implantation Grossesse extra-uterine
33%
Visceres de grande taille Macrosplanchnie
33%
Très petite quantité de liquide amniotique ( <250ml) Oligoamnios
33%
Placenta dépasse le myometre Placenta accreta
33%
Implantation profonde après le myometre Placenta percreta
33%
Anomalie de l’appareil urinaire Agénésie rénale unilatérale
0%
Cordon trop court Anomalies du rythme cardiaque (foetus )
0%
Absence congénitale d’une artère ombilicale ( 0,7 a 1% des naissances) Artere ombilicale unique
0%
Os du crane se soudent trop rapidement Craniostenose
0%
Accumulation de 17oh-progesterone, de △4 et de testostérone , virilisation des OG de 46 XX Deficit de 21 ou 11 hydroxylases
0%
Hypertrophie de la glande thyroïde, peut provoquer une stenose tracheale et bloquer trachée Goitre
0%
Defaillance cardiaque, hypertension artérielle pulmonaire (HTAP), craniostenose, goitre Hyperthyroïdie
0%
Poumons se développe sans liquide amniotique Hypoplasie pulmonaire
0%
Cretinisme, anomalie du dev cérébrale, anomales de croissance du foetus Hypothyroidie
0%
Échanges mere- fœtus empêchées du a des contractions trop intenses/nombreuses Hypoxie per partum / asphyxie fœtale
0%
Cordon s’insère sur les membranes du placenta Insertion velamenteuse
0%
Tumeur ovarienne avec des cellules tumorales qui se développent aux dépens du corps jaune gravidique et qui se multiplient Luteome
0%
Grande croissance du foetus Macrosomie
0%
Pas ou peu de liquide et pauvre en lipides→ manque de surfactant→détresse respi Maladie des membranes hyalines
0%
Saignement en dehors des regles Metrorragie
0%
Quand le foetus est en anti-siege et se retourne ou bouge Noeud du cordon
0%
Hypertension artérielle, protéinurie dues a une resistance des vaisseaux trop grande Preeclampsie
0%
Cordon en avant de la présentation fœtale, cordon gene passage de la tête Procidence
0%
Aucun quiz correspondant
Distribution des résultats
% des personnes avec chaque résultat
Percentile par nombre de réponses
Votre historique - résultats
Vous n’avez pas pris ce quiz depuis la dernière actualisation